000 005450000a22001810004500
003 MACL
005 20160212174920.0
008 160212b xxu||||| |||| 00| 0 eng d
040 _aMACL
_cMACL
041 _aHindi
082 _a320
100 _aनारायण जयप्रकाश
_938041
245 _aक्रान्ति का उदघोष
260 _bगणेश शंकर विघाथर्ाी
_c1978
_aकानपुर
350 _a250
650 _aPolitical Science
_938085
942 _cHIN
_k320
_2ddc
999 _c29329
_d29329